Parcs i Zones de Portaventura World - Statistics

General Stats
  • This quiz has been taken 13 times
  • The average score is 8 of 9
Answer Stats
Zona % Correct
Ferrari Land
100%
Xina
100%
Polynesia
92%
Portaventura Park
92%
Caribe Aquatic Park
83%
Far West
83%
México
83%
Mediterrània
75%
Sésamo Aventura
58%
No matching quizzes found
Score Distribution
Percent of People with Each Score
Percentile by Number Answered
Your Score History
You have not taken this quiz